000 00348cam a22001217a 4500
008 180718b1965 xxu||||| |||| 00| 0 eng d
082 _aC41 In2
245 _aFreedom and development
_cby India International Centre
260 _aBombay
_bAsia
_c1965
300 _a82p.
650 _aCivil Liberties
700 _aMaharashtra. India International Centre
999 _c369260
_d369260